000 00877cam a2200205 4500
001 WB3904-26
008 030130n2003 000 0 eng u
035 _a(Sirsi) u121193
245 _aFarm incomes increase for second year
260 _c2003
490 _aDEFRA News Release
_v(34/03) 30 January 2003, (2)
520 _aDEFRA statistics just released show farm incomes rising by 15% in 2002 beating the November forecast of 11%. Income per head rose by 20% with the average full-time farmer earning £11 136 in 2002. Total income is still far below its 1995 peak. Statistical news release is at http://www.defra.gov.uk/esg/work_htm/Notices/account.pdf http://www.defra.gov.uk/news/2003/030130a.htm
590 _aWB
650 _aFARM INCOMES
650 _aAGRICULTURE
650 _aUNITED KINGDOM
650 _aSTATISTICS
690 _aRural
_96268
942 _n0
999 _c72018
_d72018